sports biomechanics and kinesiology/ (Record no. 199023)

MARC details
000 -LEADER
fixed length control field 00562nam a22001817a 4500
005 - DATE AND TIME OF LATEST TRANSACTION
control field 20231108151643.0
010 ## - LCCN (DPL NO)
LC control number ENG-138309
020 ## - INTERNATIONAL STANDARD BOOK NUMBER
Terms of availability 795.00
International Standard Book Number 9789390649891
035 ## - SYSTEM CONTROL NUMBER
System control number EN-121841
037 ## - SOURCE OF ACQUISITION
Source of stock number/acquisition DBAD/PUB
082 ## - DEWEY DECIMAL CLASSIFICATION NUMBER
Classification number 796
100 ## - MAIN ENTRY--PERSONAL NAME
Personal name Karikalan, I.
245 ## - TITLE STATEMENT
Title sports biomechanics and kinesiology/
Statement of responsibility, etc by I.Karikalan and S.Muneeswaran
Medium English
260 ## - PUBLICATION, DISTRIBUTION, ETC. (IMPRINT)
Date of publication, distribution, etc 2021
Name of publisher, distributor, etc Friends publications
Place of publication, distribution, etc Darya ganj
270 ## - ADDRESS
Address 101-103,4787/23, Ansari road
City New Delhi
Postal code 110002
300 ## - PHYSICAL DESCRIPTION
Extent 192p.
Dimensions 22cm(hbk)
942 ## - ADDED ENTRY ELEMENTS (KOHA)
Source of classification or shelving scheme Dewey Decimal Classification
Item type English Books
Call number suffix KAR
Classification part 796
Holdings
Withdrawn status Lost status Not for loan Collection code Home library Current library Date acquired Cost, normal purchase price Full call number Barcode Cost, replacement price Koha item type
    Not For Loan Non-fiction D.B.Act.Division D.B.Act.Division 08/11/2023 795.00 KAR 796 EN-121841 795.00 English Books

© Delhi Public Library
Hit Counter
free hit counter